ANCIENT MESOPOTAMIA Song Lyrics - Statistics

General Stats
  • This quiz has been taken 13 times
  • The average score is 205 of 443
Answer Stats
Lyric % Correct
A
100%
Ago
100%
Akkadian
100%
Akkadians
100%
Long
100%
Sumer
100%
Conquered
83%
Euphrates
83%
River
83%
To
83%
Army
67%
Babylonia
67%
By
67%
Chariots
67%
Control
67%
His
67%
Led
67%
Roll
67%
Rolled
67%
Sargon
67%
The
67%
Tigris
67%
Took
67%
You
67%
Armies
50%
Be
50%
Code
50%
Hammurabi
50%
In
50%
No
50%
Oh
50%
Their
50%
They
50%
Ancient
33%
And
33%
Babylonians
33%
Hammurabi's
33%
King
33%
Of
33%
Saying
33%
Was
33%
Where
33%
Because
17%
Between
17%
Break
17%
Bunch
17%
But
17%
Chosen
17%
Crops
17%
Did
17%
Down
17%
Empire
17%
Fell
17%
Fertile
17%
For
17%
Found
17%
Gods
17%
Had
17%
Irrigate
17%
Land
17%
Laws
17%
Lots
17%
Made
17%
Man
17%
Mesopotamia
17%
Mesopotamia!
17%
Obey
17%
Persian
17%
Praise
17%
Ruins
17%
That
17%
Then
17%
Told
17%
Under
17%
Underground
17%
Were
17%
Writing
17%
You'll
17%
Always
0%
Archaeologists
0%
Away
0%
Believed
0%
Both
0%
Bringing
0%
Built
0%
Came
0%
City-states
0%
Civilization
0%
Command
0%
Cuneiform
0%
Dams
0%
Dry
0%
Excavation
0%
Fighting
0%
First
0%
Flaws
0%
Flood
0%
Full
0%
Gold
0%
Got
0%
Grain
0%
Gulf's
0%
Huge
0%
Is
0%
It
0%
Just
0%
Kept
0%
Levies
0%
Mania
0%
Mud
0%
Near
0%
Obeyed
0%
Old
0%
Out
0%
Over
0%
Problem
0%
Real
0%
Rivers
0%
Roads
0%
Sons
0%
Started
0%
Stop
0%
Sumer's
0%
Take
0%
Tells
0%
Themselves
0%
They'd
0%
Thought
0%
Throne
0%
Traded
0%
United
0%
Used
0%
War
0%
Washed
0%
Water
0%
When
0%
Which
0%
Who
0%
Would
0%
No matching quizzes found
Score Distribution
Percent of People with Each Score
Percentile by Number Answered
Your Score History
You have not taken this quiz